| 000 | 00981cam a22003137a 4500 | ||
|---|---|---|---|
| 003 | CHAP | ||
| 005 | 20220329135112.0 | ||
| 008 | 971013s1921 sp a r 00010 spa d | ||
| 010 | _a30953 | ||
| 011 | _a31925 | ||
| 035 | _a36037 | ||
| 040 | _cCHAP | ||
| 090 | _aFolleto 6464 | ||
| 100 | 0 | 0 |
_aNavarro de Palencia, Jesús. _980549 |
| 245 | 1 | 4 | _aLos abonos del trigo |
| 260 |
_aMadrid : _bEspas-Calpe, _c1921 |
||
| 300 |
_a32 p. : _bilus. |
||
| 490 | 0 |
_aCatecismos del agricultor y del ganadero _v; 12 |
|
| 590 |
_aBATCH-UPD _b10 _c20130110 _lUCH01 _h2247 |
||
| 590 |
_aBATCH-UPD _b10 _c20130410 _lUCH01 _h1540 |
||
| 590 |
_aBATCH-UPD _b10 _c20130914 _lUCH01 _h1405 |
||
| 590 |
_aCONVERSION _b10 _c20130109 _lUCH01 _h1318 |
||
| 650 | 1 | 4 |
_aAbonos _xEfecto en trigo. _9269 |
| 650 | 1 | 4 |
_aFertilizantes para trigo. _940641 |
| 830 | 0 |
_aCatecismos del agricultor y del ganadero _v; 12 _920499 |
|
| 901 | _aBK | ||
| 942 | _cFOLL | ||
| 949 |
_aFolleto 6464 _bBC _cFOLL _d-83125 _eTS1 _i36037 _mD _si |
||
| 999 |
_c30953 _d30953 |
||